000 00680nam a2200205 a 4500
001 000043807
005 20201002044958.0
008 140506s1991 sp 000 0 spa d
020 _a8479690283
040 _aDO-SdBNP
_bspa
_cBNPHU
082 _axxxx
_bxxxx
100 1 _aMaupassant, Guy de
_971643
245 1 0 _aCuentos de guerra /
_cGuy de Maupassant; traducción Esther Benítez.
260 _a[Madrid] :
_bCompañía Europea de Comunicación e Información,
_c1991.
300 _a94 p. ;
_c19 cm.
490 1 _aBiblioteca de El sol
_v21
500 _aIncluyenotas al pie de páginas
700 1 2 _aBenítez, Esther
_etr.
_913796
830 0 _aBiblioteca de El sol ;
_v21
_970009
999 _c43296
_d43296